| 000 | 00758cam a2200229 4500 | ||
|---|---|---|---|
| 001 | 32505 | ||
| 003 | AR-RoBPED | ||
| 005 | 20260408090215.0 | ||
| 008 | 260406s1970 sp ||||| |||| 00| f spa d | ||
| 040 | _aAR-RoBPED | ||
| 041 | _aspa | ||
| 100 | 1 |
_aHeine, Heinrich _d1797-1856 _921890 |
|
| 245 | 1 | 0 |
_aNoches florentinas ; Memorias del señor de Schnabelewopski / _cHeinrich Heine ; prólogo de Cármen Bravo-Villasante. |
| 260 |
_aNavarra : _bSalvat, _c1970. |
||
| 300 | _a151 p. | ||
| 490 | 0 |
_a(Básica Salvat ; _v57) |
|
| 650 | 1 | 7 |
_aLITERATURA ALEMANA _9908 |
| 650 | 1 | 7 |
_aNOVELAS _925 |
| 700 |
_aBravo Villasante, Carmen _d1918-1994 _930667 _cpról. |
||
| 942 |
_2udc _ak. 32505 _cBK _h860-31 _mH 36 _nInv. 42363 |
||
| 945 | _asa 06/04/2026 mev 07/04/2026 | ||
| 999 |
_c32505 _d32505 |
||